000 00657nam a2200229Ia 4500
003 OSt
005 20220928110219.0
006 a|||||r|||| 00| 0
007 ta
008 220927b |||||||| |||| 00| 0 eng d
024 _a49076
037 _cTextual
040 _aSDCL
_cSDCL
_beng
041 _2eng
_aeng
082 _aO152,1(Q22):g, K8
100 _aShri wastav Meera
_9418602
245 0 _aMadhyayugeen Hindi krishan bhktidhara aur chetanya samprdaye.
260 _aAllahabad
_bHindustane Prakashan
_c1968
300 _a447p.
_ccm.
942 _hO152,1(Q22):g, K8
_cTEXL
_2CC
999 _c734608
_d734608